Logo BPK

Biblioteka

Politechniki Koszalińskiej

Blockbuster : (Rekord nr 49031)

Szczegóły MARC
000 -ETYKIETA REKORDU
podpole kontrolne o stałej długości 00668nam a2200217 i 4500
001 - NUMER KONTROLNY REKORDU
pole kontrolne bgj
020 ## - MIĘDZYNARODOWY ZNORMALIZOWANY NUMER KSIĄŻKI - ISBN
ISBN 1844668770
040 ## - ŹRÓDŁO KATALOGOWANIA
Instytucja, która utworzyła rekord BPK
041 0# - KOD JĘZYKA
Kod języka tekstu eng
920 ## - Międzynarodowy znormalizowany numer książki – ISBN
ISBN 1-84466-877-0
008 - POLE O STAŁEJ DŁUGOŚCI - DANE KONTROLNE
podpole kontrolne o stałej długości s uk f |000 0 eng
100 1# - NAZWA OSOBOWA
Nazwa osobowa DOOLEY, Jenny
245 10 - TYTUŁ/ODPOWIEDZIALNOŚĆ
Tytuł Blockbuster :
Ciąg dalszy tytułu podręcznik dla gimnazjum : workbook and grammar book 1 /
Pozostałe elementy strefy tytułu i oznaczenia odpowiedzialności Jenny Dooley, Virginia Evans.
250 ## - STREFA WYDANIA
Oznaczenie wydania Edycja polska.
260 ## - STREFA ADRESU WYDAWNICZEGO
Miejsce wydania Newbury, Berkshire :
Nazwa wydawcy/dystrybutora Express Publishing,
Data publikacji, dystrybucji/powstania dokumentu 2004.
300 ## - STREFA OPISU FIZYCZNEGO
Objętość 151 pp :
Inne cechy fizyczne ill. ;
Rozmiary 30 cm.
650 #9 - HASŁO PRZEDMIOTOWE W FORMIE NAZWY OGÓLNEJ LUB JEDNOSTKOWEJ
Nazwa ogólna lub geograficzna English language
Określnik ogólny Secondary schools
-- A1
655 ## - TERMIN INDEKSOWY - OKREŚLENIE RODZAJU/FORMY DOKUMENTU
Określenie rodzaju/formy dokumentu Textbooks for foreigners
700 1# - HASŁO DODATKOWE - NAZWA OSOBOWA
Nazwa osobowa EVANS, Virginia.
Określenie związku między hasłem a opisywanym materiałem co-author
856 ## - LOKALIZACJA I DOSTĘP DO ELEKTRONICZNYCH DOKUMENTÓW ZDALNYCH
Link (URL) http://koha.tu.koszalin.pl/cgi-bin/koha/opac-detail.pl?biblionumber=49031
Tekst linku Katalog online BPK
942 ## - DODATKOWE ELEMENTY (KOHA)
Typ dokumentu Książka
Egzemplarze
Wycofany Status egzemplarza Uszkodzony Dostępność Lokalizacja stała Lokalizacja bieżąca Miejsce przechowywania Sygnatura Kod kreskowy Typ dokumentu
      Dostępny Biblioteka Politechniki Koszalińskiej Biblioteka Politechniki Koszalińskiej Wypożyczalnia Językowa KA 6418 09045767 Książka
© 2023 Biblioteka Politechniki Koszalińskiej :: KOHA